Ancient Indian Scientific Thought and Modern Theories: An Overview (Record no. 12848)

MARC details
000 -LEADER
fixed length control field 00408nam a22001457a 4500
003 - CONTROL NUMBER IDENTIFIER
control field OSt
008 - FIXED-LENGTH DATA ELEMENTS--GENERAL INFORMATION
fixed length control field 240828b |||||||| |||| 00| 0 eng d
020 ## - INTERNATIONAL STANDARD BOOK NUMBER
International Standard Book Number 9789380829661
082 ## - DEWEY DECIMAL CLASSIFICATION NUMBER
Classification number 509.54
Item number ANA
100 ## - MAIN ENTRY--PERSONAL NAME
Personal name Dhirenderanath Banerjee (Ed.)
245 ## - TITLE STATEMENT
Title Ancient Indian Scientific Thought and Modern Theories: An Overview
260 ## - PUBLICATION, DISTRIBUTION, ETC. (IMPRINT)
Place of publication, distribution, etc Delhi:
Name of publisher, distributor, etc DK Print World,
Date of publication, distribution, etc 2017.
300 ## - PHYSICAL DESCRIPTION
Extent vii,96p.
942 ## - ADDED ENTRY ELEMENTS (KOHA)
Source of classification or shelving scheme Dewey Decimal Classification
Koha item type Text Books
Holdings
Withdrawn status Lost status Source of classification or shelving scheme Damaged status Not for loan Collection code Home library Current library Date acquired Source of acquisition Currency Cost, normal purchase price Bill Number Total Checkouts Full call number Acc. no. / Barcode Date last seen Actual Cost, discounted price Bill Date Koha item type Checked out Date last borrowed
    Dewey Decimal Classification     IKS- Indian Knowledge System PIET C-LIBRARY PIET C-LIBRARY 29/08/2024 Zafaa Books and Distributors INR 350.00 ZBD0134   509.54 ANA 38410 29/08/2024 262.50 12/08/2024 Text Books    
    Dewey Decimal Classification     IKS- Indian Knowledge System PIET C-LIBRARY PIET C-LIBRARY 04/09/2024 Zafaa Books and Distributors INR 350.00 ZBD0169   509.54 ANA 38449 04/09/2024 262.50 31/08/2024 Text Books    
    Dewey Decimal Classification     IKS- Indian Knowledge System PIET C-LIBRARY PIET C-LIBRARY 04/09/2024 Zafaa Books and Distributors INR 350.00 ZBD0169 1 509.54 ANA 38450 28/01/2025 262.50 31/08/2024 Text Books 18/08/2025 28/01/2025

Design & Developed by: PIET Central Library
R70 Miles Stone Pattikalyana Samalkha Panipat 132102
mail ID :- [email protected], Phone No:- 0180-2569700 Ex.216